| 000 | 01020nam a2200253 a 4500 | ||
|---|---|---|---|
| 003 | MX-MxUPN | ||
| 005 | 20241001063952.0 | ||
| 008 | 030623s1976 mx r 000 0 spa d | ||
| 035 | _aUPN01000126522 | ||
| 040 |
_aMX-MxUPN _bspa _cMX-MxUPN |
||
| 041 | 0 | _aspa | |
| 050 | 4 |
_aAC75 _bS4 no.246-248 |
|
| 100 | 1 |
_aMorris, Richard B. _q(Richard Brandon), _d1904-1989 _949114 |
|
| 100 | 1 |
_aVázquez, Josefina Zoraida _929473 |
|
| 100 | 1 |
_aTrabulse Atala, Elías, _d1942- _935848 |
|
| 245 | 1 | 4 |
_aLas revoluciones de independencia en México y en los Estados Unidos : _bun ensayo comparativo / _cRichard Morris, Josefina Zoraida Vázquez, Elías Trabulse. |
| 260 |
_aMéxico : _bSEP, _c1976. |
||
| 300 | _a3 volúmenes | ||
| 490 | 0 |
_aSepSetentas ; _v246-248 |
|
| 651 | 4 |
_aEstados Unidos _xHistoria _yRevolución, 1775-1783 _918334 |
|
| 651 | 4 |
_aMéxico _xHistoria _yGuerra de Independencia, 1810-1821 _915381 |
|
| 710 | 2 |
_aInstituto Nacional de Investigación Educativa (México) _epropietario anterior _928086 |
|
| 942 |
_2lcc _cLIBRO |
||
| 999 |
_c98701 _d98701 |
||